Animaux Harry Potter par images - Statistiques

Statistiques générales
  • Ce quiz a été pris 142 fois
  • Le résultat moyen est 12 sur 16
Statistiques - réponses
Par images Réponse % Correct
Hedwige
99%
Nagini
93%
Buck | Ventdebout
83%
Croûtard | Peter Pettigrow
83%
Sirius Black | Patmol
82%
Aragog
80%
Fumsek (Fawkes)
80%
Pattenrond (Crookshanks)
78%
Miss Teigne
75%
Touffu (Fluffy)
75%
Minerva McGonagall
73%
Crockdur (Fang)
70%
Norbert
70%
Trevor
67%
James Potter | Cornedrue
57%
Errol
50%
Aucun quiz correspondant
Distribution des résultats
% des personnes avec chaque résultat
Percentile par nombre de réponses
Votre historique - résultats
Vous n’avez pas pris ce quiz